[Event "CZE-ch Open 2019"]
[Site "Ostrava"]
[Date "2019.04.28"]
[Round "2.32"]
[White "Pavlicek, Lukas"]
[Black "Ludvik, Tomas"]
[Result "0-1"]
[WhiteElo "1963"]
[BlackElo "2222"]
[Annotator "NA"]
[PlyCount "98"]
[EventDate "2019.04.27"]
[EventType "swiss"]
[EventCountry "CZE"]
[SourceTitle "playchess.com"]
[Source "ChessBase"]
[SourceQuality "1"]
[TimeControl "40/5400+30:1800+30"]

1. e4 {[%emt 0:00:00]} e6 {[%emt 0:01:18]} 2. d4 {[%emt 0:00:00]} d5 {[%emt 0:00:05]} 3. exd5 {[%emt 0:00:00]} exd5 {[%emt 0:00:20]} 4. Nf3 {[%emt 0:00:00]} Bd6 {[%emt 0:00:55]} 5. c4 {[%emt 0:00:41]} dxc4 {[%emt 0:00:32]} 6. Bxc4 {[%emt 0:00:08]} Nf6 {[%emt 0:00:31]} 7. O-O {[%emt 0:01:03]} O-O {[%emt 0:00:10]} 8. Bg5 {[%emt 0:02:43]} h6 {[%emt 0:04:12]} 9. Bh4 {[%emt 0:02:19] D20: Queen's Gambit Accepted: 3 e3 and 3 e4} Nc6 {[%emt 0:08:27]} 10. Nc3 {[%emt 0:06:36]} Bg4 {[%emt 0:02:54]} 11. Bd5 {[%emt 0:08:06]} g5 $146 {[%emt 0:12:23]} ({Predecessor:} 11... Bxf3) 12. Bxc6 {[%emt 0:01:15]} bxc6 {[%emt 0:00:02]} 13. Bg3 {[%emt 0:00:23]} Rb8 {[%emt 0:02:49]} 14. b3 {[%emt 0:06:12]} Qd7 {[%emt 0:16:27]} 15. Be5 {[%emt 0:21:21]} Nd5 {[%emt 0:05:27]} 16. Nxd5 {[%emt 0:04:59]} cxd5 {[%emt 0:01:12]} 17. Bxd6 {[%emt 0:02:40]} Qxd6 {[%emt 0:00:25]} 18. Qd3 {[%emt 0:01:49]} Bxf3 {[%emt 0:08:00]} 19. Qxf3 {[%emt 0:00:28]} Rfe8 {[%emt 0:02:48]} 20. Rac1 {[%emt 0:05:41]} Re6 {[%emt 0:04:02]} 21. Rc5 {[%emt 0:15:19]} c6 {[%emt 0:00:23]} 22. Rfc1 {[%emt 0:00:43]} Rbe8 {[%emt 0:10:37]} 23. g3 {[%emt 0:02:26]} Re1+ {[%emt 0:02:05]} 24. Rxe1 {[%emt 0:00:52]} Rxe1+ {[%emt 0:00:03]} 25. Kg2 {[%emt 0:00:05]} Qe6 {[%emt 0:00:41]} 26. Rc3 {[%emt 0:03:52]} g4 {[%emt 0:01:39]} 27. Qd3 {[%emt 0:01:48]} h5 {[%emt 0:04:38]} 28. Rc2 {[%emt 0:03:34]} f5 {[%emt 0:05:42]} 29. Rd2 {[%emt 0:01:03]} f4 {[%emt 0:01:59]} 30. gxf4 {[%emt 0:00:09]} h4 {[%emt 0:00:07]} 31. Rd1 {[%emt 0:00:44]} Re4 {[%emt 0:02:52]} 32. Rf1 {[%emt 0:04:52]} h3+ {[%emt 0:01:32]} 33. Kg1 {[%emt 0:00:56]} Rxf4 {[%emt 0:00:17]} 34. Qe3 {[%emt 0:00:41]} Qf7 {[%emt 0:00:53]} 35. Re1 {[%emt 0:01:28]} Kh7 {[%emt 0:00:23]} 36. Qe7 {[%emt 0:01:30]} Qxe7 {[%emt 0:00:32]} 37. Rxe7+ {[%emt 0:00:04]} Kg6 {[%emt 0:00:25]} 38. Re6+ {[%emt 0:01:07]} Kf5 {[%emt 0:00:15]} 39. Rxc6 {[%emt 0:00:15]} Rxd4 {[%emt 0:00:05]} 40. Rc1 {[%emt 0:00:39]} Rd2 {[%emt 0:00:45]} 41. a4 {[%emt 0:01:49]} d4 {[%emt 0:06:16]} 42. Kf1 {[%emt 0:03:45]} d3 {[%emt 0:00:51]} 43. Ke1 {[%emt 0:00:27]} Re2+ {[%emt 0:00:17]} 44. Kf1 {[%emt 0:00:29]} Rc2 {[%emt 0:05:34]} 45. Rd1 {[%emt 0:03:59]} Ke4 {[%emt 0:00:24]} 46. Ke1 {[#]} Re2+ {[%emt 0:00:42]} (46... g3 $142 $1 {[%mdl 512]} 47. fxg3 Ke3 48. b4 d2+ 49. Rxd2 Rxd2 50. g4 Rxh2 51. Kd1 Rd2+ 52. Kc1 h2 53. g5 h1=Q#) 47. Kf1 {[%emt 0:00:57]} Rb2 {[%emt 0:00:11]} 48. Rc1 {[%emt 0:00:35]} d2 {[%emt 0:01:34]} 49. Rd1 {[%emt 0:00:35]} Ke5 0-1

[Event "CZE-ch Open 2019"]
[Site "Ostrava"]
[Date "2019.04.28"]
[Round "2.33"]
[White "Babula, Milan"]
[Black "Koubova, Anna Marie"]
[Result "1/2-1/2"]
[WhiteElo "2204"]
[BlackElo "2005"]
[Annotator "NA"]
[PlyCount "64"]
[EventDate "2019.04.27"]
[EventType "swiss"]
[EventCountry "CZE"]
[SourceTitle "playchess.com"]
[Source "ChessBase"]
[SourceQuality "1"]
[TimeControl "40/5400+30:1800+30"]

1. e4 {[%emt 0:00:00]} c5 {[%emt 0:00:00]} 2. Nf3 {[%emt 0:00:00]} d6 {[%emt 0:00:00]} 3. d4 {[%emt 0:00:00]} cxd4 {[%emt 0:00:00]} 4. Qxd4 {[%emt 0:00:01]} a6 {[%emt 0:00:00]} 5. c4 {[%emt 0:00:17]} Nf6 {[%emt 0:00:18]} 6. Nc3 {[%emt 0:00:06]} e6 {[%emt 0:00:14]} 7. Be2 {[%emt 0:00:40]} Be7 {[%emt 0:00:15]} 8. O-O {[%emt 0:01:00]} O-O {[%emt 0:00:16]} 9. b3 {[%emt 0:00:57]} Qc7 {[%emt 0:00:29]} 10. Bb2 {[%emt 0:00:14]} Nbd7 {[%emt 0:00:26]} 11. Rac1 {[%emt 0:10:29]} b6 {[%emt 0:00:31]} 12. Bd3 {[%emt 0:10:45]} Bb7 $11 {[%emt 0:01:23]} 13. Bb1 {[%emt 0:02:22]} Rac8 {[%emt 0:04:29]} 14. h3 {[%emt 0:03:40]} Rfd8 {[%emt 0:03:11]} 15. Qe3 {[%emt 0:27:04]} Re8 {[%emt 0:16:33]} 16. Rfe1 {[%emt 0:07:06]} Qb8 {[%emt 0:05:08]} 17. Nd4 {[%emt 0:20:10]} Bf8 {[%emt 0:05:21]} 18. Qg3 {[%emt 0:01:11]} g6 {[%emt 0:13:47]} 19. Rcd1 {[%emt 0:00:38]} Nh5 {[%emt 0:09:32]} 20. Qg5 {[%emt 0:02:26]} Bg7 {[%emt 0:01:29]} 21. Qd2 {[%emt 0:01:19]} Nhf6 {[%emt 0:02:22]} 22. Nde2 {[%emt 0:01:23]} Nc5 {[%emt 0:12:31]} 23. Ng3 {[%emt 0:01:35]} Red8 {[%emt 0:01:01]} 24. Qe2 {[%emt 0:01:58]} Qc7 {[%emt 0:06:11]} 25. Kh1 {[%emt 0:03:00]} Qc6 {[%emt 0:02:16]} 26. f3 {[%emt 0:00:55]} Qc7 {[%emt 0:00:52]} 27. Qf2 {[%emt 0:00:16]} Qb8 {[%emt 0:02:47]} 28. Bc2 {[%emt 0:01:49]} Qc7 {[%emt 0:04:37]} 29. b4 {[%emt 0:01:27]} Ncd7 {[%emt 0:00:32]} 30. Bb3 {[%emt 0:00:01]} Qb8 {[%emt 0:04:06]} 31. Nf1 {[%emt 0:00:28]} Ba8 {[%emt 0:01:33]} 32. Qe2 {[%emt 0:01:08]} Nh5 {[%emt 0:01:17]} 1/2-1/2

[Event "CZE-ch Open 2019"]
[Site "Ostrava"]
[Date "2019.04.28"]
[Round "2.34"]
[White "Belunek, Vladimir"]
[Black "Vorisek, Jakub"]
[Result "1-0"]
[WhiteElo "2201"]
[BlackElo "1991"]
[Annotator "NA"]
[PlyCount "135"]
[EventDate "2019.04.27"]
[EventType "swiss"]
[EventCountry "CZE"]
[SourceTitle "playchess.com"]
[Source "ChessBase"]
[SourceQuality "1"]
[TimeControl "40/5400+30:1800+30"]

1. d4 {[%emt 0:00:00]} d5 {[%emt 0:00:00]} 2. Nf3 {[%emt 0:00:00]} e6 {[%emt 0:01:19]} 3. Bf4 {[%emt 0:01:58]} Bd6 {[%emt 0:02:21]} 4. Bg3 {[%emt 0:01:57]} c5 {[%emt 0:02:02]} 5. e3 {[%emt 0:01:02]} Nc6 {[%emt 0:02:41]} 6. c3 {[%emt 0:01:08] D02: 1 d4 d5 2 Nf3 sidelines, including 2...Nf6 3 g3 and 2...Nf6 3 Bf4} Nge7 {[%emt 0:01:13]} 7. Bd3 {[%emt 0:02:51]} O-O {[%emt 0:01:51]} (7... h6 8. dxc5 Bxc5 9. Nbd2 O-O 10. O-O Nf5 11. Bxf5 exf5 12. Nb3 Bb6 13. Qd3 {1-0 (52) Carlsen,M (2832)-Topalov,V (2749) Paris 2017}) 8. Nbd2 {[%emt 0:03:32]} c4 {[%emt 0:06:33]} 9. Bc2 {[%emt 0:01:30]} f5 $146 {[%emt 0:00:40]} ({Predecessor:} 9... h6 10. b3 b5 11. a4 Bxg3 12. hxg3 {0-1 (39) Kostelidou,D (1143)-Chatzipanagiotou,A (1137) Porto Rio 2016}) 10. b4 {[%emt 0:27:46]} b5 {[%emt 0:12:46]} 11. a4 {[%emt 0:00:16]} bxa4 {[%emt 0:00:33]} 12. Bxa4 {[%emt 0:01:05]} Qc7 {[%emt 0:02:17]} 13. O-O {[%emt 0:06:31]} Bd7 {[%emt 0:08:00]} 14. b5 {[%emt 0:18:46]} Nb8 {[%emt 0:06:18]} 15. Ne5 {[%emt 0:03:11]} Be8 {[%emt 0:02:13]} 16. Qb1 {[%emt 0:08:59]} ({White should try} 16. Qf3 $16) 16... Nd7 {[%emt 0:04:10]} 17. Ndf3 {[%emt 0:01:52]} Ng6 {[%emt 0:06:32]} 18. Ng5 {[%emt 0:06:08]} Rf6 {[%emt 0:00:54]} 19. Nxd7 {[%emt 0:00:46]} Bxd7 {[%emt 0:04:06]} 20. b6 {[%emt 0:00:33]} axb6 {[%emt 0:01:30]} 21. Bxd7 {[%emt 0:00:07]} Rxa1 {[%emt 0:00:12]} 22. Bxe6+ {[%emt 0:00:46]} Rxe6 {[%emt 0:00:06]} 23. Qxa1 {[%emt 0:00:39]} Re8 {[%emt 0:00:29]} 24. Qa4 {[%emt 0:00:43]} Rc8 {[%emt 0:07:14]} 25. Rb1 {[%emt 0:00:55]} Bxg3 {[%emt 0:05:02]} 26. hxg3 {[%emt 0:00:07]} h6 {[%emt 0:00:34]} 27. Nf3 {[%emt 0:01:34]} Qd6 {[%emt 0:02:14]} 28. Qa7 {[%emt 0:02:11]} Rb8 {[%emt 0:02:39]} 29. Rb5 {[%emt 0:00:11]} Kh7 {[%emt 0:00:27]} 30. Qf7 {[%emt 0:03:49]} Ne7 {[%emt 0:00:50]} 31. Ne5 {[%emt 0:00:13]} Rd8 {[%emt 0:04:24]} 32. Kh2 {[%emt 0:01:05]} Qf6 {[%emt 0:01:16]} 33. Qxf6 {[%emt 0:01:17]} gxf6 {[%emt 0:00:02]} 34. Nf3 {[%emt 0:01:02]} Rd6 {[%emt 0:04:40]} 35. Ng1 {[%emt 0:00:30]} Nc8 {[%emt 0:00:53]} 36. Ne2 {[%emt 0:00:10]} Na7 {[%emt 0:00:27]} 37. Rb1 {[%emt 0:00:05]} b5 {[%emt 0:01:36]} 38. Nf4 {[%emt 0:00:30]} Kg7 {[%emt 0:00:42]} 39. Kh3 {[%emt 0:00:26]} Kf7 {[%emt 0:02:42]} 40. Ra1 {[%emt 0:01:31]} Nc8 {[%emt 0:04:32]} 41. Ra8 {[%emt 0:31:20]} Nb6 {[%emt 0:30:35]} 42. Ra6 {[%emt 0:00:00]} Nc8 {[%emt 0:00:00]} 43. Ra5 {[%emt 0:00:00]} b4 {[%emt 0:00:00]} 44. cxb4 {[%emt 0:00:00]} Nb6 {[%emt 0:00:00]} 45. Ra7+ {[%emt 0:00:00]} Ke8 {[%emt 0:00:00]} 46. Ne2 {[%emt 0:00:00]} Rc6 {[%emt 0:00:00]} 47. Nc3 {[%emt 0:00:00]} Nc8 {[%emt 0:00:00]} 48. Ra8 {[%emt 0:00:00]} Kd7 {[%emt 0:00:00]} 49. Ra5 {[%emt 0:00:00]} Nb6 {[%emt 0:00:00]} 50. g4 {[%emt 0:00:00]} Ke6 {[%emt 0:00:00]} 51. Kg3 {[%emt 0:00:00]} fxg4 {[%emt 0:00:00]} 52. Kxg4 {[%emt 0:00:00]} Rd6 {[%emt 0:00:00]} 53. Kf4 {[%emt 0:00:00]} Nd7 {[%emt 0:00:00]} 54. f3 {[%emt 0:00:00]} Nb8 {[%emt 0:00:00]} 55. b5 {[%emt 0:00:00]} Nd7 {[%emt 0:00:00]} 56. Ra8 {[%emt 0:00:00]} Nb6 {[%emt 0:00:00]} 57. Re8+ {[%emt 0:00:00]} Kf7 {[%emt 0:00:00]} 58. Rb8 {[%emt 0:00:00]} Nd7 {[%emt 0:00:00]} 59. Rh8 {[%emt 0:00:00]} Nf8 {[%emt 0:00:00]} 60. Rxh6 {[%emt 0:00:00]} Ne6+ {[%emt 0:00:00]} 61. Kg3 {[%emt 0:00:00]} f5 {[%emt 0:00:00]} 62. Kf2 {[%emt 0:00:00]} Kg7 {[%emt 0:00:00]} 63. Rh1 {[%emt 0:00:10]} Nc7 {[%emt 0:00:00]} 64. Ra1 {[%emt 0:00:11]} Kf6 {[%emt 0:00:09]} 65. Ra7 {[%emt 0:00:24]} Ne6 {[%emt 0:00:11]} 66. Ke2 {[%emt 0:00:46]} f4 {[%emt 0:01:04]} 67. Kd2 {[%emt 0:02:50]} Ng7 {[%emt 0:00:46]} 68. e4 $18 {[%emt 0:00:16]} 1-0

[Event "CZE-ch Open 2019"]
[Site "Ostrava"]
[Date "2019.04.29"]
[Round "3.1"]
[White "Plat, Vojtech"]
[Black "Navara, David"]
[Result "1/2-1/2"]
[WhiteElo "2535"]
[BlackElo "2733"]
[Annotator "TA"]
[PlyCount "71"]
[EventDate "2019.04.27"]
[EventType "swiss"]
[EventCountry "CZE"]
[SourceTitle "playchess.com"]
[Source "ChessBase"]
[SourceQuality "1"]

{[%evp 12,71,0,0,0,0,0,-4,0,-12,-12,-16,-16,-26,-16,-23,-16,-18,-18,-24,-11,-26,-18,-19,-23,-40,-17,-16,-27,-22,-12,-17,-13,-27,-20,-48,-33,-33,-39,-44,-31,-41,-20,-19,0,0,0,0,0,0,0,0,0,0,0,0,0,0,0,0,0,0]} 1. e4 c5 2. Nf3 d6 3. c3 Nf6 4. Bc4 e6 5. Qe2 Be7 6. d4 cxd4 7. cxd4 d5 {B50: Sicilian: 2...d6, Miscellaneous} 8. exd5 exd5 9. Bb5+ Nc6 10. h3 (10. Ne5 Bd7 11. Nxd7 Qxd7 12. O-O O-O 13. Be3 Rfe8 14. Nc3 a6 15. Bd3 {½-½ (25) Plat,V (2535)-Wojtaszek,R (2724) Katowice 2019}) 10... O-O 11. O-O Ne4 12. Nc3 $146 ({Predecessor:} 12. Nbd2 f5 13. Bxc6 bxc6 {½-½ (42) Jamar,V (1864)-Maddens,M (2141) Charleroi 2018}) 12... Bf5 13. Bxc6 bxc6 14. Ne5 Rc8 15. Nxe4 dxe4 16. Be3 f6 17. Nc4 Be6 18. Rfd1 Qc7 19. Rac1 Bd5 20. Qd2 g5 21. Rc2 h6 22. Rdc1 f5 23. Qa5 Qxa5 24. Nxa5 Rf6 25. Bd2 f4 26. Be1 Bd8 27. Rc5 {The position is equal.} Rb8 28. Nxc6 Bxc6 29. Rxc6 Rxb2 {And now ...Rxc6 would win.} 30. Rc8 Rf8 31. Bc3 Rxa2 32. Bb4 Re8 33. R1c7 {Threatens to win with Rd7.} a5 {[#]} 34. Re7 $1 {[%mdl 512]} Rf8 {[#]} (34... Kf8 $5 35. Ra7+ $8 Kg8 $11) (34... Bxe7 35. Rxe8+) 35. Ra7 $1 {[%mdl 512]} Re8 36. Re7 {Accuracy: White = 70%, Black = 74%.} 1/2-1/2

[Event "CZE-ch Open 2019"]
[Site "Ostrava"]
[Date "2019.04.29"]
[Round "3.2"]
[White "Zwardon, Vojtech"]
[Black "Hracek, Zbynek"]
[Result "1/2-1/2"]
[WhiteElo "2458"]
[BlackElo "2585"]
[Annotator "TA"]
[PlyCount "127"]
[EventDate "2019.04.27"]
[EventType "swiss"]
[EventCountry "CZE"]
[SourceTitle "playchess.com"]
[Source "ChessBase"]
[SourceQuality "1"]

{[%evp 11,127,18,8,-16,16,-4,1,0,0,-8,-8,-16,-12,-33,-34,-29,-27,-29,-24,-31,-35,-53,-50,-53,-53,-53,-52,-52,-47,-42,-27,-35,-17,-42,-26,-54,-68,-61,-59,-149,-152,-154,-144,-157,-147,-145,-108,-177,-134,-218,-132,-150,-112,-163,-152,-126,-34,-43,-16,-27,-23,-27,0,-17,0,-41,-24,-51,-48,-39,-52,-70,-45,-52,-52,-54,-51,-36,-48,-50,-54,-38,0,0,0,0,0,-25,-8,-25,-12,-16,-17,-17,0,0,0,-25,-25,-25,-25,-25,0,-25,-25,-52,0,0,0,0,0,0,0,0,0,0,0,0]} 1. c4 ({Predecessor:} 1. d4 Nf6 2. c4 e6 3. Nf3 d5 4. cxd5 exd5 5. Nc3 {0-1 (41) Lodhi,M (2420)-Serper,G (2585) Dhaka 1995}) 1... e6 2. Nc3 d5 3. d4 Bb4 4. cxd5 exd5 5. Nf3 Nf6 6. Qa4+ Nc6 7. Ne5 $146 {D38: Queen's Gambit Declined: Ragozin Defence (4 Nf3 Bb4)} (7. Bg5 h6 8. Bxf6 Qxf6 9. e3 O-O 10. Be2 Be6 11. O-O a6 12. Rfc1 Bd6 13. Qd1 Ne7 14. Na4 b6 15. b4 a5 16. b5 g5 17. Nb2 Ng6 18. Nd3 Rae8 19. Nfe1 h5 20. Bxh5 Kg7 21. h3 Rh8 {0-1 (66) Yu,Y (2761)-Ganguly,S (2633) Astana 2019}) 7... Bd7 8. Nxc6 Bxc3+ $1 9. bxc3 Bxc6 10. Qa3 Ne4 11. Bf4 Qf6 $36 {[%mdl 2048] Black fights for an advantage.} 12. e3 g5 13. Bg3 $1 h5 14. Qb2 Nxg3 15. hxg3 O-O-O 16. Bd3 h4 17. g4 Bd7 18. Rb1 {[%csl Gb1][%cal Rb2b7] [#]} b6 19. Qe2 Qe6 20. Qf3 Kb8 21. Bf5 $1 {[%cal Rf5e6]} Qc6 22. Rc1 Rh6 23. Bxd7 Qxd7 24. Rh3 Qe6 25. Qe2 (25. Kf1 $15) 25... f5 $17 26. gxf5 Qxf5 27. Rf3 Qd7 28. Kd2 Rg8 29. Rh1 (29. g4 $17 {might work better.}) 29... Kb7 30. Kc1 (30. Rfh3 $17 {was worth a try.}) 30... Rc6 31. Kb2 Rc4 32. e4 {[#]} (32. Qc2 $17 {was necessary.}) 32... Qb5+ $1 $19 33. Ka1 dxe4 ({Better is} 33... Qc6 $17 34. exd5 Qxd5) 34. Qxe4+ $15 Qc6 (34... Ka6 {is more complex.} 35. Qd3 Rc6 36. Qxb5+ Kxb5 37. Rb1+ Ka6) 35. Qxc6+ $1 Rxc6 $11 {[%mdl 4096] Endgame KRR-KRR} 36. Kb2 Rgg6 37. Kc2 Rc4 38. Re1 b5 39. Re5 a6 40. Kb3 g4 41. Rff5 Rgc6 42. Re3 Rh6 43. Rg5 h3 44. gxh3 gxh3 45. Rg1 h2 46. Rh1 c5 47. dxc5 a5 48. Kb2 Kc6 {And now ...Rg4 would win.} 49. Rg3 Kxc5 {...Rch4 is the strong threat.} 50. f3 Rch4 {White must now prevent ...Kd6.} 51. Rg2 Kd5 52. Re2 $1 a4 53. f4 Kc4 {Hoping for ...Kd3.} 54. Kc2 Rh3 55. Re4+ Kd5 56. Re5+ Kc4 57. Re4+ Kc5 58. Re2 b4 (58... R6h4 $15) 59. Re5+ {The position is equal.} Kb6 60. cxb4 Rc6+ 61. Kb1 Rc4 62. Re2 $1 Rxb4+ 63. Ka1 Rxf4 {aiming for ...a3.} 64. Rexh2 {Accuracy: White = 53%, Black = 53%.} 1/2-1/2

[Event "CZE-ch Open 2019"]
[Site "Ostrava"]
[Date "2019.04.29"]
[Round "3.3"]
[White "Michalik, Peter"]
[Black "Kriebel, Tadeas"]
[Result "1/2-1/2"]
[WhiteElo "2577"]
[BlackElo "2514"]
[Annotator "TA"]
[PlyCount "62"]
[EventDate "2019.04.27"]
[EventType "swiss"]
[EventCountry "CZE"]
[SourceTitle "playchess.com"]
[Source "ChessBase"]
[SourceQuality "1"]

{[%evp 20,62,39,22,32,23,23,18,19,25,72,72,61,65,72,66,61,54,42,47,51,33,33,26,37,8,7,8,8,7,7,7,7,7,7,7,5,10,10,0,0,0,0,0,0]} 1. d4 d5 2. c4 dxc4 3. Nf3 Nf6 4. e3 e6 5. Bxc4 c5 6. O-O a6 7. dxc5 Bxc5 8. Qxd8+ Kxd8 9. Ne5 Ke7 10. Be2 Rd8 11. Nd2 Bd7 {D27: Queen's Gambit Accepted: Classical main line: 7 e4!? and 7 a4} (11... Nbd7 12. Nd3 Ba7 13. b3 Ke8 14. Ba3 Nc5 15. Nxc5 Rxd2 16. Bf3 Bxc5 17. Bxc5 e5 18. Bb4 Rc2 19. Rfc1 Rxc1+ 20. Rxc1 {½-½ (41) Miroshnichenko,E (2646)-Socko,B (2641) Lugo 2007}) 12. Nb3 Bd6 13. Nxd7 $146 ({Predecessor:} 13. Nc4 Bb5 14. Nba5 Bxc4 15. Nxc4 Nc6 16. Nxd6 Rxd6 17. b3 Rd7 18. Ba3+ Ke8 19. Rfc1 {½-½ (39) Roy Laguens,A (2338)-Genga,S (2428) ICCF email 2016}) 13... Nbxd7 14. Na5 Bb4 15. Nxb7 Rdb8 16. a3 Rxb7 17. Bf3 Nd5 {[#] Hoping for ...Ba5.} 18. axb4 Rxb4 19. Rd1 N7f6 20. Ra2 Ne4 21. Be2 f5 22. Rxa6 (22. Ra5 {keeps more tension.} Rc8 23. Rxa6 Rc7 24. Ra2 Rb3 25. f3) 22... Rxa6 {The position is equal.} 23. Bxa6 Nc5 24. Be2 Nb3 25. Bd2 Nxd2 26. Rxd2 $11 {[%mdl 4096] Endgame KRB-KRN} Nb6 27. Rc2 Na4 28. Rc7+ Kf6 29. h4 Rxb2 30. Bh5 g6 31. Bf3 h5 {Accuracy: White = 67%, Black = 76%.} 1/2-1/2

[Event "CZE-ch Open 2019"]
[Site "Ostrava"]
[Date "2019.04.29"]
[Round "3.4"]
[White "Rubes, Jan"]
[Black "Stocek, Jiri"]
[Result "1/2-1/2"]
[WhiteElo "2345"]
[BlackElo "2563"]
[Annotator "RC"]
[PlyCount "96"]
[EventDate "2019.04.27"]
[EventType "swiss"]
[EventCountry "CZE"]
[SourceTitle "playchess.com"]
[Source "ChessBase"]
[SourceQuality "1"]
[TimeControl "40/5400+30:1800+30"]

1. e4 {[%emt 0:00:00]} c5 {[%emt 0:10:03]} 2. Nf3 {[%emt 0:00:00]} d6 {[%emt 0:00:15]} 3. d4 {[%emt 0:00:00]} cxd4 {[%emt 0:00:06]} 4. Nxd4 {[%emt 0:00:04]} Nf6 {[%emt 0:00:08]} 5. Nc3 {[%emt 0:00:07]} Nc6 {[%emt 0:00:47]} 6. Bg5 {[%emt 0:00:19]} e6 {[%emt 0:00:32]} 7. Qd2 {[%emt 0:00:12]} a6 {[%emt 0:00:38]} 8. O-O-O {[%emt 0:00:20]} Be7 {[%emt 0:01:26]} 9. h4 {[%emt 0:00:18]} Nxd4 {[%emt 0:08:44]} 10. Qxd4 {[%emt 0:00:06]} h6 {[%emt 0:02:18]} 11. Bxf6 {[%emt 0:12:34]} Bxf6 {[%emt 0:00:47]} 12. Qxd6 {[%emt 0:00:29]} Qxd6 {[%emt 0:01:43]} 13. Rxd6 {[%emt 0:00:02]} Bd7 {[%emt 0:07:24]} 14. f4 {[%emt 0:05:54]} g5 {[%emt 0:03:30]} 15. hxg5 {[%emt 0:27:59]} hxg5 {[%emt 0:00:48]} 16. Rxh8+ {[%emt 0:01:20]} Bxh8 {[%emt 0:00:05]} 17. g3 {[%emt 0:02:44]} Bg7 {[%emt 0:08:56]} 18. e5 {[%emt 0:02:36]} Bc6 {[%emt 0:08:47]} 19. b4 {[%emt 0:14:24]} gxf4 {[%emt 0:06:14]} 20. gxf4 {[%emt 0:00:04]} Bh6 {[%emt 0:00:53]} 21. Rd4 {[%emt 0:03:33]} Rd8 {[%emt 0:08:34]} 22. Rc4 {[%emt 0:01:03]} Bf3 {[%emt 0:16:07]} 23. a4 {[%emt 0:00:53]} b5 {[%emt 0:00:51]} 24. axb5 {[%emt 0:01:05]} axb5 {[%emt 0:00:05]} 25. Rc5 {[%emt 0:00:10]} Bxf4+ {[%emt 0:02:19]} 26. Kb2 {[%emt 0:00:12]} Be3 {[%emt 0:01:18]} 27. Bxb5+ {[%emt 0:06:30]} Kf8 {[%emt 0:00:08]} 28. Rc4 {[%emt 0:00:57]} Bd4 {[%emt 0:01:58]} 29. Bc6 {[%emt 0:02:07]} Bxc6 {[%emt 0:01:01]} 30. Rxc6 {[%emt 0:00:04]} Bxe5 {[%emt 0:00:05]} 31. Kb3 {[%emt 0:00:23]} Ke7 {[%emt 0:00:38]} 32. Ne4 {[%emt 0:05:51]} Rd1 {[%emt 0:01:54]} 33. Nc5 {[%emt 0:05:15]} Bd6 {[%emt 0:00:35]} 34. c4 {[%emt 0:03:00]} f5 {[%emt 0:01:17]} 35. Nxe6 {[%emt 0:02:59]} Kxe6 {[%emt 0:00:56]} 36. c5 {[%emt 0:00:05]} f4 {[%emt 0:00:26]} 37. cxd6 {[%emt 0:00:08]} f3 {[%emt 0:01:21]} 38. d7+ {[%emt 0:03:42]} Ke5 {[%emt 0:01:56]} 39. Rc1 {[%emt 0:00:36]} Rxd7 {[%emt 0:00:10]} 40. b5 {[%emt 0:00:03]} f2 {[%emt 0:01:52]} 41. Rf1 {[%emt 0:05:54]} Rf7 {[%emt 0:00:19]} 42. Kc4 {[%emt 0:00:19]} Ke4 {[%emt 0:00:07]} 43. b6 {[%emt 0:00:27]} Ke3 {[%emt 0:00:06]} 44. Kc5 {[%emt 0:00:15]} Ke2 {[%emt 0:01:20]} 45. Rxf2+ {[%emt 0:00:04]} Kxf2 {[%emt 0:00:02]} 46. Kc6 {[%emt 0:00:07]} Ke3 {[%emt 0:00:01]} 47. b7 {[%emt 0:00:07]} Rxb7 {[%emt 0:00:02]} 48. Kxb7 Kd4 1/2-1/2

[Event "CZE-ch Open 2019"]
[Site "Ostrava"]
[Date "2019.04.29"]
[Round "3.5"]
[White "Babula, Vlastimil"]
[Black "Simacek, Pavel"]
[Result "1/2-1/2"]
[WhiteElo "2549"]
[BlackElo "2471"]
[Annotator "TA"]
[PlyCount "60"]
[EventDate "2019.04.27"]
[EventType "swiss"]
[EventCountry "CZE"]
[SourceTitle "playchess.com"]
[Source "ChessBase"]
[SourceQuality "1"]

{[%evp 9,60,37,45,50,50,52,67,25,28,28,33,25,31,38,46,16,35,23,27,4,13,10,13,17,35,10,41,0,0,0,0,0,0,0,0,0,0,0,0,0,0,0,0,0,0,0,0,0,0,0,0,0,0]} 1. d4 d6 2. Nf3 Bg4 3. c4 Nd7 4. Nc3 e5 5. e3 Ngf6 6. h3 {A53: Old Indian Defence without Nf3} (6. Be2 Be7 7. Qb3 Rb8 8. Qa4 O-O 9. Qxa7 Bxf3 10. Bxf3 Nb6 11. Bxb7 Nxc4 12. Qa6 exd4 13. exd4 d5 {1-0 (27) Mamedyarov,S (2817)-Maslak,K (2555) St Petersburg 2018}) 6... Bxf3 7. Qxf3 c6 8. g3 $146 {White is slightly better.} ({Predecessor:} 8. Be2 g6 9. O-O Bg7 10. b4 O-O 11. b5 Qc7 12. bxc6 bxc6 13. Rb1 Rfe8 {½-½ (60) Meskovs,N (2457)-Krasenkow,M (2610) Warsaw 2015}) 8... g6 9. Bg2 Bg7 10. O-O O-O 11. Qd1 Qc7 12. b4 Rfe8 13. Rb1 e4 14. g4 h6 $1 15. Qb3 Nb6 16. c5 Nbd5 17. Nxd5 Nxd5 18. Bd2 dxc5 {The position is equal.} 19. bxc5 Re7 20. f3 exf3 21. Rxf3 Rae8 22. Kh1 Bf6 23. Rff1 Bg5 {[%cal Rg5e3]} 24. e4 $1 {[%cal Re4d5]} Bxd2 25. exd5 cxd5 26. Qxd5 {[%cal Rb1b7]} b6 27. Qd6 Rd8 28. Qxc7 Rxc7 29. cxb6 axb6 30. Rxb6 Rxd4 {Accuracy: White = 59%, Black = 80%.} 1/2-1/2